000 00945nam a2200229 i 4500
001 83273
003 ES-MaACL
005 20230906174813.0
007 t|
008 041116s1915 fr ||||1| fre d
245 0 0 _aIntérêts économiques et rapports internationaux a la veille de la guerre :
_bconférences organisées en 1914 par la Sociéte des anciens élèves et élèves de l'École libre des sciences politiques /
_cA. Marvaud ... [et al.].
260 _aParis :
_bFélix Alcan,
_c1915.
300 _a269 p. ;
_c19 cm.
490 1 _aBibliothèque d'histoire contemporaine
650 4 _aGuerra mundial, 1914-1918-
_xAspectos económicos-
_zFrancia.
_9156040
651 4 _aFrancia-
_xPolítica económica.
_9157940
700 1 _aMarvaud, Angel.
_978579
710 2 _aÉcole libre des sciences politiques (Paris)
_93414
830 1 _aBibliothèque d'histoire contemporaine
_9180875
852 _aES-MaACL
_jG-7433
999 _c83273
_d83273